000 00769nam a22001937a 4500
999 _c13774
_d13774
008 190403b ||||| |||| 00| 0 eng d
020 _a9781501504990
082 _22016
_aAV-Eb 616.85506
_bC374
100 _a Causton,Julie.
_938272
245 _aThe speech-language pathologist's handbook for inclusive school practice/
_cJulie Causton and Chelsea Tracy-Bronson.
260 _bBrookes Publishing,
_c©2014.
300 _a185 pages;
500 _aIncludes index.
650 _aInclusive education -- Handbooks, manuals, etc.
_938273
650 _aSpeech therapy -- Handbooks, manuals, etc.
_938274
700 _aTracy-Bronson, Chelsea.
_938275
856 _yhttps://ebookcentral.proquest.com/lib/uniofmindanao-ebooks/detail.action?docID=1787405
942 _2ddc
_cEB